Pathway 2. Workbook

Gespeichert in:
Bibliographische Detailangaben
1. Verfasser: Hawkes, Nicolas Autor
Weitere Verfasser: Dallas, Donald Autor
Format: Buch
Sprache:Englisch
Erschienen: Essex Longman 1987
Katalog:MANES:  Suchergebnis im Bibliothekskatalog
Schulbuchspezifische Eigenschaften:
Tags: Tag hinzufügen
Keine Tags, Fügen Sie den ersten Tag hinzu!
Hinzugefügt zu:14.04.2021
Geändert in:07.05.2025

MARC

LEADER 00000nam a22000007a 4500
005 20250507133424.0
008 210415b ||||| |||| 00| 0 eng d
040 |a centro_manes  |c Centro_internacional de la cultura escolar 
100 |9 13768  |a Hawkes, Nicolas  |b Autor 
245 |a Pathway 2. Workbook 
260 |a Essex  |b Longman  |c 1987 
300 |a 32 p.  |c 28 x 22 cm  
500 |a Contiene ilustraciones en blanco y negro y ejercicios para el alumno. 
546 |a España 
561 |5 es-CICE  |3 FMa/LE41  |a España. Centro Internacional de la Cultura Escolar  |k MANES 
690 0 |a LE 
691 0 |a PRI 
700 |9 13767  |a Dallas, Donald  |b Autor 
942 |2 ddc  |c BK 
999 |c 91821  |d 91821 
999 |c manes:91821  |d 91821